000
00318nam a2200133Ia 4500
005
20260328101510.0
008
260328s9999||||xx |||||||||||||| ||und||
100
_a
Le Corbusier
245
0
_a
Maniere de penser L' Urbanisme /
_c
Le Corbusier
260
_b
AA
300
_a
183 p.
650
_a
Corbusier, Le
942
_c
BK
999
_c
9168
_d
9168